| 000 | 01240nam a2200253Ia 4500 | ||
|---|---|---|---|
| 999 |
_c40583 _d40583 |
||
| 001 | 7208 | ||
| 003 | GE_BSU | ||
| 005 | 20211125113044.0 | ||
| 008 | 181216s||||||||xx |||||||||||||| ||und|| | ||
| 020 | _a9994059041 | ||
| 040 | _cGE_BSU | ||
| 080 | _a347.779 | ||
| 100 |
_aძამუკაშვილი,დავით. _913028 |
||
| 245 |
_aინტელექტუალური საკუთრების სამართალი : _b[იურიდ. ფაკ. სტუდ. / _cდავით ძამუკაშვილი; რედ.: სანდრო ჯორბენაძე. |
||
| 250 | _aმე-3 გამოცემა | ||
| 264 |
_aთბ. : _bინტელექტი, _c2006. |
||
| 300 |
_a552 გვ.: _bილ.; _c20 სმ; |
||
| 653 | _aინტელექტუალური საკუთრების სამართალი. | ||
| 653 | _aსამართალი | ||
| 700 |
_aჯორბენაძე, სანდრო _eრედაქტორი _97936 |
||
| 700 |
_aძამუკაშვილი, იოსებ _eმხატვარი _913029 |
||
| 700 |
_aსულაკაური, ზაალ _eმხატვარი _913030 |
||
| 942 |
_cBK _2udc |
||